|
|
|
|
| LEADER |
00000cam a2200000 4500 |
| 001 |
vtls008738894 |
| 003 |
SK-MaSNL |
| 005 |
20260301205549.0 |
| 008 |
251103s1996 xr o grfp 001 0 slo |
| 015 |
|
|
|a SNBZSA2020/02
|
| 020 |
|
|
|a 808560695X
|q (viazané)
|
| 035 |
|
|
|a POKPOH34053
|
| 035 |
|
|
|a urn:nbn:sk:snk-am3ifzm
|
| 035 |
|
|
|a urn:nbn:sk:snk-am00e8ux
|
| 035 |
|
|
|a DDCA8A54-77BD-4E5B-A174-FB1AE0AAE956
|
| 040 |
|
|
|a SNK
|b slo
|c SNK
|e rda
|
| 041 |
1 |
|
|a slo
|h ger
|
| 044 |
|
|
|a xr
|c CZ
|
| 072 |
|
7 |
|a 635
|x Záhradkárstvo
|2 konspekt
|
| 080 |
|
|
|a 712.3/.7
|2 2011
|
| 080 |
|
|
|a 635.923
|2 2011
|
| 080 |
|
|
|a 635.92
|2 2011
|
| 080 |
|
|
|a 635.92.047
|2 2011
|
| 080 |
|
|
|a (084.4)
|2 2011
|
| 100 |
1 |
|
|a Haberer, Martin
|4 aut
|9 591856
|
| 240 |
1 |
0 |
|a Steingärten und Trockenmauern
|l Slovensky
|
| 245 |
1 |
0 |
|a Skalky a suché múriky
|c Martin Haberer ; z originálu Steingärten und Trockenmauern ... preložil Miroslav Babjak
|
| 264 |
|
1 |
|a Ostrava
|b Blesk
|c 1996
|
| 300 |
|
|
|a 155 strán
|b fotografie, tabuľky
|c 22 cm
|
| 336 |
|
|
|a text
|b txt
|2 rdacontent
|
| 336 |
|
|
|a statický obraz
|b sti
|2 rdacontent
|
| 337 |
|
|
|a bez média
|b n
|2 rdamedia
|
| 338 |
|
|
|a zväzok
|b nc
|2 rdacarrier
|
| 500 |
|
|
|a Preložené z nemčiny
|
| 504 |
|
|
|a Obsahuje bibliografiu na strane 152 ; register na strane 153-155
|
| 650 |
0 |
7 |
|a záhradná architektúra
|2 SNKPH
|9 2944
|
| 650 |
0 |
7 |
|a skalky
|2 SNKPH
|9 2324
|
| 650 |
0 |
7 |
|a okrasné záhradníctvo
|2 SNKPH
|9 67209
|
| 650 |
0 |
7 |
|a Garden architecture
|2 SNKPHeng
|9 312058
|
| 650 |
0 |
7 |
|a Rockeries
|2 SNKPHeng
|9 591857
|
| 650 |
0 |
7 |
|a Ornamental gardening
|2 SNKPHeng
|9 353435
|
| 650 |
0 |
7 |
|a okrasné záhrady
|2 SNKPH
|9 4287
|
| 655 |
|
7 |
|a atlasy
|2 SNKPH
|9 70424
|
| 655 |
|
7 |
|a Atlases
|2 SNKPHeng
|9 280087
|
| 700 |
1 |
|
|a Babjak, Miroslav,
|c Ing.
|4 trl
|9 591858
|
| 919 |
|
|
|a 80-85606-95-X
|
| 958 |
|
|
|a OND
|
| 958 |
|
|
|a ZS
|
| 958 |
|
|
|a NB
|
| 958 |
|
|
|a OP
|
| 968 |
|
|
|b DT
|
| 999 |
|
|
|c 910586
|d 912516
|
| 952 |
|
|
|a SNK
|b SNK
|y PREZ
|7 0
|p 17A1377377
|o snkSC 185973
|i snk2019/24679
|8 7
|0 0
|1 0
|4 0
|d 2019-10-01
|f 1
|l 0
|r 2026-02-24 07:42:04
|w 2026-02-24
|